000 01281nam a2200265Ia 4500
003 OSt
005 20220930094743.0
006 a|||||r|||| 00| 0
007 ta
008 220926b |||||||| |||| 00| 0 hin d
024 _a10728
037 _cTheses
040 _aCRL
_cCRL
_bhin
041 _2hin
_ahin
100 _aदास, कान्ता कावेरी, ले.
110 _aदिल्ली विश्वविद्यालय. संगीत एवं ललित कला संकाय. संगीत विभाग
_9556203
245 0 _aस्वर्गीय ज्योति प्रसाद अगरवाला जी का ज्योति संगीत
_b एक समीक्षात्मक अध्ययन
246 _aSvargīya jyoti prasād agaravālā jī kā jyoti sangīta: ek samīkṣhātmak adhyayana
260 _c2012
300 _a268पृ0
_ap.
_ccm.
650 _aभारतीय संगीत
700 _aदिल्ली विश्वविद्यालय. संगीत एवं ललित कला संकाय. संगीत विभाग
_9556204
942 _cDIS
_2CC
999 _c887619
_d887619